|
|
|
|
| LEADER |
00000cam a2200000 a 4500 |
| 001 |
1/118064 |
| 008 |
190212s2010####gr | ||| |||| ||gre|| |
| 020 |
|
|
|a 9789609259620
|
| 040 |
|
|
|a GR-MyUa
|b gre
|c GR-MyUa
|e AACR2
|
| 041 |
0 |
|
|a gre
|
| 082 |
7 |
|
|a 621
|2 (23)
|
| 100 |
1 |
|
|a Αλατσαθιανός, Σταμάτης.
|
| 245 |
1 |
0 |
|a Εισαγωγή στη μηχατρονική και στα ενσωματωμένα συστήματα /
|c Σταμάτης Αλατσαθιανός.
|
| 260 |
|
|
|a Αθήνα :
|b [χ. ό.],
|c 2010.
|
| 300 |
|
|
|a 579 σ. :
|b εικ. ;
|c 23 εκ.
|
| 504 |
|
|
|a Βιβλιογραφία: σ. 579. Ευρετήριο.
|
| 650 |
|
0 |
|a Mechatronics.
|
| 852 |
|
|
|a INST
|b SYROS
|c EUDOXUS
|e 20190212
|h 621 ΑΛΑ
|p 005500013768
|q 005500013768
|t EDX
|y 0
|
| 920 |
|
|
|a Εύδοξος
|b Παραγγελία
|y Σύρος-ΤΜΣΠΣ
|z 2019-02
|
| 970 |
|
|
|a Κοντού
|b Παρασκευή
|z 12/02/2019
|